Flags With Religious Symbols #1 - Statistics

General Stats
  • This quiz has been taken 1,494 times
    1,443 since last reset
  • The average score is 19 of 20
Answer Stats
Picture Answer % Correct
Denmark
99%
Norway
99%
Sweden
99%
Switzerland
99%
Finland
98%
Greece
98%
Iran
98%
Israel
98%
Saudi Arabia
98%
South Korea
98%
Iceland
97%
Nepal
97%
Vatican
96%
Georgia
95%
Cambodia
94%
Slovakia
93%
Malta
92%
Serbia
92%
Mauritania
77%
Tonga
77%
No matching quizzes found
Score Distribution
Percent of People with Each Score
Percentile by Number Answered
Your Score History
You have not taken this quiz since the last reset